La messa alla prova dell’imputato minorenne tra passato, presente e futuro L’esperienza del Tribunale di Taranto

Bibliographic Details
Main Author: Triggiani, Nicola
Format: eBook
Language:Spanish
Published: Bari : Cacucci Editore, 2011
Subjects:
Online Access:http://www.vlex.com/source/11194

MARC

LEADER 00000nam a22000007a 4500
005 20130430150118.0
007 cr|||| ||||
008 130430e2011 pe |||||s|||| 00||0 spa d
020 |a 9788866110606 
035 |a 11194 
040 |a vLex 
090 |c 4225  |d 4225 
100 1 0 |a Triggiani, Nicola 
245 1 3 |a La messa alla prova dell’imputato minorenne tra passato, presente e futuro  |b L’esperienza del Tribunale di Taranto  |c / Nicola Triggiani   |h [Recurso electrn̤ico]  
256 |a Servicio en ln̕ea 
260 |a Bari :  |b Cacucci Editore,   |c 2011 
300 |a 1 Recurso electrn̤ico 
506 |d vLex Global  |d vLex Global (Academic Edition, excluding Law Schools)  |d vLex Global (U.S. Academic Edition, Law Schools)  |d vLex Global (U.S. Academic Edition, excluding Law Schools)  |d vLex Global (Academic Edition, Law Schools) 
650 0 4 |a Menores  |z Italia 
650 0 4 |a Penal  |z Italia 
650 0 4 |a Menor de edad penal  |z Italia 
650 0 4 |a Menor de edad  |z Italia 
740 |a vLex Libros (Servicio en ln̕ea) 
856 |a Acceso restringido  |u http://www.vlex.com/source/11194 
942 |c BOOK 
999 0 |a Administrative law